Największe wyspy Indonezji na mapie - Statystyki

Ogólne statystyki
  • Ten quiz został rozwiązany 5 025 razy
  • Średni wynik to 6 z 21
Odpowiedzi na mapie
Odpowiedzi zakodowano w zielono-czerwonej skali na mapie do tego quizu, zgodnie z poniższymi procentami.
 
Statystyki odpowiedzi
Pow. w km2 Wyspa % Poprawnych
748,168 Borneo
84%
138,794 Jawa
82%
480,848 Sumatra
69%
785,753 Nowa Gwinea
63%
5,416 Bali
53%
28,418 Timor
51%
180,681 Sulawesi
49%
14,154 Flores
16%
10,711 Sumba
14%
4,625 Lombok
13%
14,386 Sumbawa
12%
18,040 Halmahera
11%
17,454 Seram
11%
11,413 Bangka
10%
8,473 Buru
10%
4,429 Madura
10%
5,121 Nias
10%
4,478 Belitung
9%
4,408 Buton
9%
3,828 Siberut
9%
11,742 Yos Sudarso
8%
Nie znaleziono quizów pasujących do podanych kryteriów
Rozkład punktacji
Procent ludzi z każdym wynikiem
Percentyl według liczby udzielonych odpowiedzi
Twoja historia wyników
Nie rozwiązałeś tego quizu